Statistics for Countries That Come Before Their Neighbours Alphabetically

Click here to take the quiz!

General Stats

  • This quiz has been taken 25 times
  • The average score is 28 of 41

Answer Stats

Answer% Correct
Argentina
100%
Canada
100%
Albania
94%
Austria
94%
Afghanistan
89%
Algeria
89%
Andorra
89%
Armenia
89%
Costa Rica
89%
Dominican Republic
89%
Bhutan
83%
Denmark
83%
Belgium
78%
Finland
78%
Angola
72%
Belize
72%
Cambodia
72%
Ireland
72%
Belarus
67%
Benin
67%
Brunei
67%
Bulgaria
67%
East Timor
67%
Egypt
67%
Oman
67%
Bangladesh
61%
Bosnia and Herzegovina
61%
Burundi
61%
Estonia
61%
Botswana
56%
Lesotho
56%
Portugal
56%
Qatar
56%
El Salvador
50%
Djibouti
44%
Eswatini
44%
Gambia
44%
Cameroon
39%
Guinea
39%
Moldova
22%
Malawi
17%

Score Distribution

Percentile by Number Answered

Percent of People with Each Score

Your Score History

You have not taken this quiz